LEADER 01304nam 2200385 450 001 000006218 005 20050718115200.0 010 $a88-7064-044-2 100 $a20001129d1986----km-y0itay0103----ba 101 0 $aita 102 $aIT 200 1 $aAgrometeorologia$eleggi fisiche per lo studio del microclima$fVirginio Pelosi$gedizione curata da Luigi Mariani 210 $aMilano$cCLESAV$d1986 215 $a303 p.$cill.$d25 cm. 606 $aMeteorologia agraria 676 $a551.5$v(20. ed.)$9Meteorologia 700 1$aPelosi,$bVirginio$068872 702 1$aMariani,$bLuigi 801 0$aIT$bUniversità della Basilicata - B.I.A.$gRICA$2unimarc 912 $a000006218 996 $aAgrometeorologia$975638 997 $aUNIBAS BAS $aMONAGR BAS $aMONOGR BAS $aAGRARIA CAT $aGIORGIO$b01$c20001129$lBAS01$h1521 CAT $aTORRE$b20$c20001129$lBAS01$h1533 CAT $aTORRE$b20$c20011205$lBAS01$h1114 CAT $c20050601$lBAS01$h1753 CAT $abatch$b01$c20050718$lBAS01$h1049 CAT $c20050718$lBAS01$h1108 CAT $c20050718$lBAS01$h1138 CAT $c20050718$lBAS01$h1152 FMT Z30 -1$lBAS01$LBAS01$mBOOK$1BASA2$APolo Tecnico-Scientifico$2DID$BDidattica$3PTS.s2.p18.8$651665$5A51665$820001129$f04$FPrestabile Didattica LEADER 01070nam 2200385 450 001 9910826969703321 005 20230814220612.0 010 $a93-5280-408-2 035 $a(CKB)4970000000140009 035 $a(MiAaPQ)EBC5770022 035 $a(Au-PeEL)EBL5770022 035 $a(OCoLC)1101040789 035 $a(EXLCZ)994970000000140009 100 $a20201113d2018 uy 0 101 0 $amar 135 $aurcnu|||||||| 181 $ctxt$2rdacontent 182 $cc$2rdamedia 183 $acr$2rdacarrier 200 10$aSatta Sampadan $eBhartateel Sthiti /$fBidyut Chakrabarty and Sugato Hazra 210 1$aLos Angeles, California :$cSage Publications,$d2018. 215 $a1 online resource (253 pages) 311 $a93-5280-406-6 606 $aMandates 615 0$aMandates. 676 $a341.12 700 $aChakrabarty$b Bidyut$f1958-$0517527 702 $aHazra$b Sugato 801 0$bMiAaPQ 801 1$bMiAaPQ 801 2$bMiAaPQ 906 $aBOOK 912 $a9910826969703321 996 $aSatta Sampadan$94027874 997 $aUNINA